[Event "POL-ch sf (Women)"]
[Site "Karpacz"]
[Date "2023.12.04"]
[Round "1"]
[White "Sliwicka, Alicja"]
[Black "Zabrzanska, Weronika"]
[Result "1/2-1/2"]
[WhiteElo "2306"]
[BlackElo "1976"]
[PlyCount "119"]
[EventDate "2023.12.04"]
[EventType "swiss"]
[EventRounds "9"]
[EventCountry "POL"]
[SourceTitle "CB50_2023"]
[SourceDate "2023.12.13"]
[SourceVersion "1"]
[SourceVersionDate "2023.12.13"]
[SourceQuality "1"]

1. e4 e5 2. Nf3 Nc6 3. Bb5 a6 4. Ba4 Nf6 5. d3 b5 6. Bb3 Bc5 7. Nc3 d6 8. Nd5 h6 9. c3 Rb8 10. 0-0 0-0 11. d4 Ba7 12. Be3 exd4 13. cxd4 Nxd5 14. Bxd5 Ne7 15. Bb3 Bb7 16. Qc2 c5 17. a4 c4 18. Ba2 Bb6 19. b3 d5 20. e5 Bc8 21. Nh4 f5 22. f4 Nc6 23. Qf2 Nb4 24. Bb1 Be6 25. Ng6 Rf7 26. h4 Nc6 27. g4 Ne7 28. h5 Nxg6 29. hxg6 Rf8 30. Qh2 cxb3 31. axb5 a5 32. Qh5 Qc7 33. Bd3 Qc3 34. Rad1 b2 35. Bf2 fxg4 36. f5 g3 37. Bxg3 b1Q 38. Bxb1 Qxg3+ 39. Kh1 Bd7 40. Rf3 Qg5 41. Qxg5 hxg5 42. Ba2 Rxf5 43. Bxd5+ Kf8 44. Rxf5+ Bxf5 45. Rf1 Ke7 46. Rxf5 Rf8 47. Rf7+ Rxf7 48. gxf7 Bxd4 49. e6 g4 50. Kg2 Be5 51. Bb3 Bd6 52. b6 a4 53. Bxa4 Kxe6 54. Bb3+ Ke7 55. b7 g3 56. Be6 Bb8 57. Kf1 Bc7 58. Bd5 Bb8 59. Ke2 Bc7 60. Kf3 1/2-1/2

[Event "POL-ch Blitz U18 Girls"]
[Site "Bydgoszcz"]
[Date "2023.08.31"]
[Round "1"]
[White "Jedrzejko, Martyna"]
[Black "Zabrzanska, Weronika"]
[Result "1-0"]
[WhiteElo "1687"]
[BlackElo "2039"]
[PlyCount "101"]
[EventDate "2023.08.28"]
[EventType "swiss"]
[EventRounds "9"]
[EventCountry "POL"]
[SourceTitle "EXT 2024"]
[Source "ChessBase"]
[SourceDate "2023.10.10"]
[SourceVersion "1"]
[SourceVersionDate "2023.10.10"]
[SourceQuality "1"]

1. e4 e5 2. Nf3 Nc6 3. Bc4 Bc5 4. 0-0 Nf6 5. d3 0-0 6. c3 d6 7. a4 a5 8. Bb3 h6 9. Re1 Ba7 10. Nbd2 Re8 11. Nf1 d5 12. exd5 Nxd5 13. Ng3 Nf6 14. h3 Qd6 15. Ne4 Nxe4 16. dxe4 Qf6 17. Qe2 Bd7 18. Be3 Bxe3 19. Qxe3 Rad8 20. Rad1 Ne7 21. Nh2 Ng6 22. Qf3 Nf4 23. Ng4 Qg5 24. Kh2 h5 25. Ne3 c6 26. g3 Nxh3 27. Bxf7+ Kh8 28. Bxe8 Rxe8 29. Nf5 Qg6 30. Kxh3 Rf8 31. Rh1 Bxf5+ 32. exf5 Rxf5 33. Qe2 Qf6 34. Kg2 Qf7 35. g4 Rg5 36. f3 Qe7 37. Rxh5+ Rxh5 38. gxh5 Qg5+ 39. Kf2 Qh4+ 40. Kg2 Qg5+ 41. Kf2 Qh4+ 42. Ke3 Qf4+ 43. Kd3 Qxa4 44. Qc2 Qb5+ 45. Kd2 Qd5+ 46. Kc1 Qg8 47. Qg6 Qf8 48. Kb1 b5 49. h6 gxh6 50. Rh1 Qxf3 51. Rxh6# 1-0

[Event "POL-ch Rapid U18 Girls"]
[Site "Bydgoszcz"]
[Date "2023.08.30"]
[Round "10"]
[White "Hertlein, Irena"]
[Black "Zabrzanska, Weronika"]
[Result "0-1"]
[WhiteElo "1865"]
[BlackElo "1892"]
[PlyCount "49"]
[EventDate "2023.08.28"]
[EventType "swiss"]
[EventRounds "11"]
[EventCountry "POL"]
[SourceTitle "EXT 2024"]
[Source "ChessBase"]
[SourceDate "2023.10.10"]
[SourceVersion "1"]
[SourceVersionDate "2023.10.10"]
[SourceQuality "1"]

1. d4 d5 2. Nf3 Nf6 3. c4 e6 4. g3 dxc4 5. Bg2 Be7 6. 0-0 0-0 7. Nc3 c6 8. Ne5 Nbd7 9. Nxc4 Nb6 10. Ne5 Nfd5 11. e4 Nxc3 12. bxc3 Qc7 13. Bf4 Bd6 14. c4 c5 15. Rc1 Rd8 16. Qh5 f6 17. dxc5 Bxe5 18. cxb6 axb6 19. Bxe5 Qxe5 20. Qxe5 fxe5 21. Rfd1 Rd4 22. f4 Rxa2 23. fxe5 Rdd2 24. Rxd2 Rxd2 25. Rb1 0-1

[Event "POL-ch Rapid U18 Girls"]
[Site "Bydgoszcz"]
[Date "2023.08.30"]
[Round "7"]
[White "Zabrzanska, Weronika"]
[Black "Barwinska, Ewa"]
[Result "1-0"]
[WhiteElo "1892"]
[BlackElo "1920"]
[PlyCount "97"]
[EventDate "2023.08.28"]
[EventType "swiss"]
[EventRounds "11"]
[EventCountry "POL"]
[SourceTitle "EXT 2024"]
[Source "ChessBase"]
[SourceDate "2023.10.10"]
[SourceVersion "1"]
[SourceVersionDate "2023.10.10"]
[SourceQuality "1"]

1. e4 c5 2. Nf3 d6 3. c3 Nf6 4. Be2 e6 5. 0-0 Nc6 6. d3 Be7 7. Re1 0-0 8. Bf1 e5 9. h3 Qc7 10. d4 a6 11. a4 Rb8 12. d5 Nd8 13. c4 Ne8 14. Nc3 f5 15. exf5 Bxf5 16. Bd3 Qd7 17. Kh2 Nf6 18. Qc2 Bxd3 19. Qxd3 Nh5 20. Ne4 Nf4 21. Bxf4 Rxf4 22. Neg5 g6 23. Kg1 Rf5 24. Ne4 Nf7 25. Ng3 Rf4 26. Re4 Rxe4 27. Nxe4 Rf8 28. Ra3 Nh6 29. Neg5 Nf5 30. Ne6 Rb8 31. a5 Ng7 32. Nfg5 Bxg5 33. Nxg5 Qe7 34. Qd2 h6 35. Ne4 Kh7 36. Rb3 Nf5 37. Rb6 Rd8 38. b4 cxb4 39. Qxb4 Rd7 40. c5 Nd4 41. Rxd6 Rxd6 42. cxd6 Qf7 43. d7 Ne2+ 44. Kf1 Ng3+ 45. Nxg3 Qxd7 46. d6 Qc6 47. Kg1 Kg7 48. Qd2 Qd7 49. Qd5 1-0

[Event "POL-ch Rapid U18 Girls"]
[Site "Bydgoszcz"]
[Date "2023.08.29"]
[Round "3"]
[White "Zabrzanska, Weronika"]
[Black "Lochina, Justyna"]
[Result "1-0"]
[WhiteElo "1892"]
[BlackElo "1569"]
[PlyCount "101"]
[EventDate "2023.08.28"]
[EventType "swiss"]
[EventRounds "11"]
[EventCountry "POL"]
[SourceTitle "EXT 2024"]
[Source "ChessBase"]
[SourceDate "2023.10.10"]
[SourceVersion "1"]
[SourceVersionDate "2023.10.10"]
[SourceQuality "1"]

1. e4 c5 2. Nf3 e6 3. c3 d5 4. exd5 Qxd5 5. d4 Nf6 6. Be2 Be7 7. 0-0 0-0 8. Be3 Rd8 9. dxc5 Qxd1 10. Rxd1 Rxd1+ 11. Bxd1 Nd5 12. Bd4 a5 13. Bb3 Na6 14. Nbd2 Nxc5 15. Bxd5 exd5 16. Re1 Be6 17. Bxc5 Bxc5 18. Nb3 b6 19. Nfd4 Re8 20. Nc6 a4 21. Nbd4 Bd7 22. Kf1 Rxe1+ 23. Kxe1 Kf8 24. Ne5 Bxd4 25. Nxd7+ Ke7 26. cxd4 Kxd7 27. Kd2 Kc6 28. Kc3 Kb5 29. a3 Ka5 30. Kd3 Kb5 31. h3 h6 32. h4 h5 33. f3 f5 34. g3 g6 35. Kc3 Ka5 36. b3 b5 37. b4+ Kb6 38. Kd3 Kc6 39. Ke3 Kd6 40. Kf4 Ke6 41. Kg5 Kf7 42. Kh6 Kf6 43. f4 Kf7 44. Kh7 Kf6 45. Kg8 g5 46. hxg5+ Kg6 47. Kf8 h4 48. gxh4 Kh5 49. Kf7 Kg4 50. g6 Kxf4 51. g7 1-0

[Event "Liberec op 22nd"]
[Site "Liberec"]
[Date "2023.03.02"]
[Round "8"]
[White "Zabrzanska, Weronika"]
[Black "Pozniak, Yunna"]
[Result "1-0"]
[WhiteElo "2021"]
[BlackElo "1685"]
[PlyCount "67"]
[EventDate "2023.02.24"]
[EventType "swiss"]
[EventRounds "9"]
[EventCountry "CZE"]
[SourceTitle "CBM 213 Extra"]
[Source "ChessBase"]
[SourceDate "2023.05.31"]
[SourceVersion "1"]
[SourceVersionDate "2023.05.31"]
[SourceQuality "1"]

1. e4 e6 2. d4 d5 3. e5 c5 4. c3 Qb6 5. Nf3 Nc6 6. Bd3 Bd7 7. 0-0 cxd4 8. Re1 Nge7 9. h4 Nf5 10. Bxf5 exf5 11. cxd4 Be7 12. Nc3 Be6 13. Na4 Qd8 14. Ng5 0-0 15. Qh5 Bxg5 16. Bxg5 Qa5 17. Re3 Qxa4 18. Rg3 f6 19. Bxf6 Rf7 20. Qh6 f4 21. Rxg7+ Kf8 22. Rxh7+ Ke8 23. Rh8+ Kd7 24. Rxa8 Nxd4 25. Qh8 Kc7 26. Qd8+ Kc6 27. Qe8+ Rd7 28. b3 Qb4 29. Qc8+ Kb6 30. Qb8 Ne2+ 31. Kh2 Qe4 32. Bd8+ Kc6 33. a4 Kc5 34. Qxa7+ 1-0

[Event "POL-ch U18 Girls"]
[Site "Jastrzebia Gora"]
[Date "2023.??.??"]
[Round "7"]
[White "Goraj, Barbara"]
[Black "Zabrzanska, Weronika"]
[Result "1/2-1/2"]
[WhiteElo "2130"]
[BlackElo "2021"]
[PlyCount "135"]
[EventDate "2023.03.11"]
[EventType "swiss"]
[EventRounds "9"]
[EventCountry "POL"]
[SourceTitle "CBM 213 Extra"]
[Source "ChessBase"]
[SourceDate "2023.05.31"]
[SourceVersion "1"]
[SourceVersionDate "2023.05.31"]
[SourceQuality "1"]

1. c4 e6 2. Nc3 d5 3. e3 Nf6 4. Nf3 Be7 5. b3 c5 6. cxd5 Nxd5 7. Bb2 0-0 8. Qb1 Nc6 9. h4 f5 10. Bd3 Ncb4 11. Be2 Bf6 12. Nxd5 Nxd5 13. Ne5 Bxh4 14. g3 Bf6 15. f4 b6 16. Kf2 Bxe5 17. fxe5 h6 18. Bf3 Bb7 19. Rh4 Rb8 20. Qh1 Nf6 21. Bc3 Ng4+ 22. Ke2 Ba6+ 23. Ke1 Qd3 24. Rc1 Rbd8 25. Qg1 Nxe5 26. Qf2 Nxf3+ 27. Qxf3 e5 28. Kf2 b5 29. b4 Rc8 30. bxc5 Rxc5 31. Rch1 Rc7 32. Qh5 Bb7 33. Rg1 Qd5 34. a3 Rd8 35. Qe2 Qa2 36. Ba5 Rc2 37. Rd1 Rd5 38. Bb4 a5 39. Bxa5 Qxa3 40. Bb4 Qa2 41. Qh5 Rd8 42. Qxf5 Qd5 43. Ke1 Rc7 44. Qg6 Rf7 45. Rxh6 Qe4 46. Qxe4 Bxe4 47. Rh2 Bd3 48. Rf2 Ra7 49. Bc3 Rb7 50. Ra1 b4 51. Bxe5 Rb5 52. Bb2 b3 53. Rf4 g5 54. Rf6 Rc5 55. Kd1 Rc2 56. Rb1 Be4 57. Bd4 Ra2 58. Rc1 Bc2+ 59. Ke2 Rb8 60. Rh1 b2 61. Rf2 Bh7 62. Bxb2 Rbxb2 63. Kf3 Rxd2 64. Rxd2 Rxd2 65. Rh5 Rd5 66. Kg4 Bf5+ 67. Kxg5 Be4+ 68. Kh4 1/2-1/2

[Event "POL-ch U18 Girls"]
[Site "Jastrzebia Gora"]
[Date "2023.??.??"]
[Round "2"]
[White "Zabrzanska, Weronika"]
[Black "Bugaj, Hanna"]
[Result "1-0"]
[WhiteElo "2021"]
[BlackElo "1639"]
[PlyCount "45"]
[EventDate "2023.03.11"]
[EventType "swiss"]
[EventRounds "9"]
[EventCountry "POL"]
[SourceTitle "CBM 213 Extra"]
[Source "ChessBase"]
[SourceDate "2023.05.31"]
[SourceVersion "1"]
[SourceVersionDate "2023.05.31"]
[SourceQuality "1"]

1. e4 e6 2. d4 d5 3. e5 c5 4. c3 Qb6 5. Nf3 Bd7 6. Bd3 Bb5 7. dxc5 Bxc5 8. 0-0 Bxd3 9. Qxd3 Nc6 10. b4 Be7 11. a4 f6 12. Re1 Nxe5 13. Nxe5 fxe5 14. Rxe5 Kf7 15. Nd2 Nf6 16. Nf3 Ng4 17. Re2 Bf6 18. h3 Nh6 19. g4 Rac8 20. Bd2 Bd8 21. Ne5+ Ke8 22. Rae1 Bc7 23. Ng6 1-0

[Event "POL-ch U18 Girls"]
[Site "Jastrzebia Gora"]
[Date "2023.??.??"]
[Round "8"]
[White "Zabrzanska, Weronika"]
[Black "Starosta, Martyna"]
[Result "0-1"]
[WhiteElo "2021"]
[BlackElo "2138"]
[PlyCount "208"]
[EventDate "2023.03.11"]
[EventType "swiss"]
[EventRounds "9"]
[EventCountry "POL"]
[SourceTitle "CBM 213 Extra"]
[Source "ChessBase"]
[SourceDate "2023.05.31"]
[SourceVersion "1"]
[SourceVersionDate "2023.05.31"]
[SourceQuality "1"]

1. e4 c6 2. Nf3 d5 3. Nc3 Bg4 4. Be2 e6 5. d4 Nd7 6. h3 Bxf3 7. Bxf3 dxe4 8. Nxe4 Ngf6 9. 0-0 Nxe4 10. Bxe4 Nf6 11. Bf3 Bd6 12. c4 Bc7 13. Bg5 Qd6 14. g3 Rd8 15. Bf4 Qd7 16. Bxc7 Qxc7 17. Qd3 0-0 18. Qc3 Rd6 19. Rad1 Rfd8 20. Rd2 Kf8 21. Rfd1 Ng8 22. Qa3 a6 23. Rd3 Ne7 24. Be4 Kg8 25. b4 Ng6 26. Qc3 Qe7 27. a3 R6d7 28. Bg2 Qf6 29. R1d2 Ne7 30. Be4 Nf5 31. Bxf5 Qxf5 32. g4 Qg5 33. Qc2 h5 34. Qd1 hxg4 35. Qxg4 Qf6 36. Rf3 Rxd4 37. Rf4 Qxf4 38. Qxf4 Rxd2 39. Qc7 R2d7 40. Qb6 Rd1+ 41. Kg2 R8d7 42. Qa7 Kf8 43. Qb8+ Ke7 44. Qh8 Kf6 45. Qc8 R1d3 46. Kh2 e5 47. Kg2 e4 48. a4 Rd2 49. Qb8 R2d4 50. Qc8 Kg6 51. Qe8 Kh7 52. a5 g6 53. h4 Kg7 54. Kg3 Rd3+ 55. Kg2 f5 56. Qe6 Rf7 57. Qe5+ Kh7 58. Qe6 Rdd7 59. Qe5 Rde7 60. Qf4 e3 61. fxe3 Re4 62. Qf1 Rxe3 63. Qf4 Re4 64. Qf3 Rxc4 65. h5 Rg4+ 66. Kh3 Rg5 67. Qf4 Rxh5+ 68. Kg2 g5 69. Qc4 Kg7 70. Qd4+ Kh7 71. Qc4 Rg7 72. Qe6 g4 73. Qf6 g3 74. Qe5 Rhg5 75. Qf6 Rh5 76. Qe6 Rh2+ 77. Kg1 Rf2 78. Qf6 f4 79. Qf5+ Rg6 80. Qf7+ Kh6 81. Qf8+ Kg5 82. Qe7+ Rf6 83. Qe5+ Kg6 84. Qe4+ Kf7 85. Qh7+ Ke6 86. Qg8+ Ke5 87. Qe8+ Re6 88. Qh5+ Ke4 89. Qh7+ Ke3 90. Qf5 Re4 91. Qc5+ Kd3 92. Qd6+ Ke2 93. Qc5 Re3 94. Qf5 Rf1+ 95. Kg2 f3+ 96. Kh3 Rh1+ 97. Kg4 Rd1 98. Qc2+ Ke1 99. Qc5 Red3 100. Qe5+ Kf1 101. Qxg3 f2 102. Qh2 Rd4+ 103. Kf5 Ke2 104. Qe5+ Kf3 0-1

[Event "Sharjah Cup (Women) 12th"]
[Site "Sharjah"]
[Date "2022.12.13"]
[Round "6"]
[White "Allam, Yara"]
[Black "Zabrzanska, Weronika"]
[Result "0-1"]
[WhiteElo "1881"]
[BlackElo "2021"]
[PlyCount "122"]
[EventDate "2022.12.09"]
[EventType "swiss"]
[EventRounds "9"]
[EventCountry "UAE"]
[SourceTitle "CBM 211 Extra"]
[Source "ChessBase"]
[SourceDate "2023.01.31"]
[SourceVersion "1"]
[SourceVersionDate "2023.01.31"]
[SourceQuality "1"]

1. e4 e5 2. Nf3 Nc6 3. Bc4 Bc5 4. c3 Nf6 5. d3 0-0 6. 0-0 d5 7. exd5 Nxd5 8. Re1 Bg4 9. Nbd2 Nb6 10. Bb5 Bd6 11. Ne4 f5 12. Qb3+ Kh8 13. Bxc6 bxc6 14. Neg5 Qf6 15. d4 e4 16. Ne5 Bh5 17. Ne6 Rfe8 18. Nf4 Bxe5 19. dxe5 Qg5 20. Nd5 Qd8 21. Nf4 Qg5 22. Kh1 Qh4 23. Nh3 h6 24. Qc2 Rxe5 25. Bf4 Re7 26. Qc1 Qf6 27. c4 Bg4 28. Ng1 Na4 29. b4 Nb2 30. Rf1 Nd3 31. Qd2 g5 32. Be3 f4 33. Bc5 Rd7 34. Qc2 Bf5 35. Qe2 e3 36. fxe3 Nxc5 37. bxc5 Bd3 38. Qg4 Bxf1 39. Rxf1 Rad8 40. exf4 Rd4 41. Ne2 Rd1 42. Rg1 Rxg1+ 43. Nxg1 Qxf4 44. Qe6 Qf8 45. Qxc6 Rd1 46. a4 Qe7 47. Qxh6+ Kg8 48. Qg6+ Kf8 49. Qh6+ Qg7 50. Qe6 Qd4 51. Qc8+ Qd8 52. Qf5+ Kg7 53. Qe5+ Kf7 54. Qf5+ Ke8 55. Qe6+ Qe7 56. Qc8+ Kf7 57. Qf5+ Kg7 58. h3 Qe3 59. Kh2 Qxg1+ 60. Kg3 Qe3+ 61. Kh2 Qf4+ 0-1

[Event "Sharjah Cup (Women) 12th"]
[Site "Sharjah"]
[Date "2022.12.10"]
[Round "2"]
[White "Boric, Elena"]
[Black "Zabrzanska, Weronika"]
[Result "1/2-1/2"]
[WhiteElo "2196"]
[BlackElo "2021"]
[PlyCount "111"]
[EventDate "2022.12.09"]
[EventType "swiss"]
[EventRounds "9"]
[EventCountry "UAE"]
[SourceTitle "CBM 211 Extra"]
[Source "ChessBase"]
[SourceDate "2023.01.31"]
[SourceVersion "1"]
[SourceVersionDate "2023.01.31"]
[SourceQuality "1"]

1. d4 d5 2. Bf4 Nf6 3. e3 e6 4. Nf3 Bd6 5. Bd3 c5 6. Bxd6 Qxd6 7. c3 Nc6 8. 0-0 0-0 9. Nbd2 e5 10. dxe5 Nxe5 11. Nxe5 Qxe5 12. Nf3 Qe7 13. h3 Ne4 14. Bc2 Be6 15. Qe2 Rad8 16. Rfd1 Rfe8 17. Ba4 Bd7 18. Bxd7 Rxd7 19. c4 Red8 20. cxd5 Rxd5 21. Rxd5 Rxd5 22. Rd1 Qd6 23. Rxd5 Qxd5 24. Qc2 h6 25. Kf1 b5 26. Ke2 a5 27. a3 a4 28. Ne1 b4 29. f3 Ng3+ 30. Kf2 Nf5 31. g4 Nd6 32. Nd3 b3 33. Qe2 c4 34. Nb4 Qc5 35. Qd2 Nb5 36. Nd5 Qd6 37. Ke2 Qh2+ 38. Kd1 Qh1+ 39. Ke2 Qg2+ 40. Ke1 Qxf3 41. Ne7+ Kh7 42. Qd8 Qxe3+ 43. Kd1 Qg1+ 44. Kd2 Qf2+ 45. Kd1 Qc2+ 46. Ke1 Qc1+ 47. Kf2 Qxb2+ 48. Kg3 Qe5+ 49. Kg2 Qe4+ 50. Kh2 Qe2+ 51. Kh1 h5 52. g5 Qf3+ 53. Kh2 Qf4+ 54. Kh1 Qe4+ 55. Kh2 Qe5+ 56. Kh1 1/2-1/2

[Event "Sharjah Cup (Women) 12th"]
[Site "Sharjah"]
[Date "2022.12.09"]
[Round "1"]
[White "Zabrzanska, Weronika"]
[Black "Al Khoori, Noora Mahmood Abdul"]
[Result "1-0"]
[WhiteElo "2021"]
[BlackElo "1120"]
[PlyCount "47"]
[EventDate "2022.12.09"]
[EventType "swiss"]
[EventRounds "9"]
[EventCountry "UAE"]
[SourceTitle "CBM 211 Extra"]
[Source "ChessBase"]
[SourceDate "2023.01.31"]
[SourceVersion "1"]
[SourceVersionDate "2023.01.31"]
[SourceQuality "1"]

1. e4 e5 2. Nf3 Nc6 3. Bc4 Bc5 4. c3 Nf6 5. d4 exd4 6. e5 d5 7. Bb5 Ne4 8. cxd4 Bb4+ 9. Nbd2 Bg4 10. Qa4 Bxd2+ 11. Bxd2 Qd7 12. Rc1 Rb8 13. Rxc6 0-0 14. Rc1 c6 15. Be2 Rfe8 16. Qc2 f6 17. Be3 Bf5 18. Bd3 Qf7 19. 0-0 g5 20. exf6 h6 21. Ne5 Qxf6 22. g4 Be6 23. f4 Rbd8 24. fxg5 1-0

[Event "POL-ch U20 Girls"]
[Site "Karpacz"]
[Date "2022.11.27"]
[Round "9"]
[White "Zabrzanska, Weronika"]
[Black "Jarocka, Liwia"]
[Result "1/2-1/2"]
[WhiteElo "1992"]
[BlackElo "2161"]
[PlyCount "215"]
[EventDate "2022.11.19"]
[EventType "swiss"]
[EventRounds "9"]
[EventCountry "POL"]
[SourceTitle "EXT 2024"]
[Source "ChessBase"]
[SourceDate "2023.10.10"]
[SourceVersion "1"]
[SourceVersionDate "2023.10.10"]
[SourceQuality "1"]

1. e4 c6 2. Nf3 d5 3. Nc3 Bg4 4. Be2 e6 5. d4 Nd7 6. 0-0 dxe4 7. Nxe4 Ngf6 8. Ne5 Nxe5 9. Nxf6+ gxf6 10. Bxg4 Nxg4 11. Qxg4 f5 12. Qf4 Rg8 13. g3 Rg4 14. Qf3 Qxd4 15. Rd1 Qc4 16. Bf4 Be7 17. Qe3 Bf6 18. Rd3 Bxb2 19. Rad1 Bf6 20. Be5 Bg5 21. f4 Be7 22. Bd6 Bd8 23. Bc5 b6 24. Bd4 Rg8 25. Qe2 Be7 26. Bxb6 Qxf4 27. Be3 Qe5 28. Qf3 Qe4 29. Qh5 f4 30. Bf2 fxg3 31. hxg3 Rd8 32. Re1 Qc4 33. Qxh7 Qg4 34. Qh1 Rxd3 35. cxd3 Kd7 36. Rc1 Rc8 37. Qh7 Qf3 38. Rb1 Bd6 39. Qg7 c5 40. Rb3 Qf5 41. Rb7+ Rc7 42. Rxc7+ Bxc7 43. Qf8 Bb6 44. a4 Qh5 45. Be3 Qf3 46. Bf2 c4 47. Bxb6 Qxg3+ 48. Kh1 Qf3+ 49. Kg1 axb6 50. dxc4 e5 51. Qb8 Qg4+ 52. Kh2 Qxc4 53. Qxb6 Qxa4 54. Qb7+ Ke6 55. Qc8+ Qd7 56. Qc4+ Ke7 57. Qh4+ f6 58. Qh7+ Kd6 59. Qd3+ Kc7 60. Qc4+ Kb7 61. Qb4+ Ka6 62. Qc4+ Qb5 63. Qa2+ Kb6 64. Qf2+ Ka5 65. Qxf6 Qd5 66. Qf2 Qd4 67. Kg2 Kb5 68. Qe2+ Kc5 69. Qc2+ Kd5 70. Qa2+ Ke4 71. Qe2+ Qe3 72. Qc4+ Kf5 73. Qf7+ Ke4 74. Qc4+ Qd4 75. Qe2+ Kd5 76. Qa2+ Kd6 77. Qa6+ Kc7 78. Qa5+ Kc8 79. Qa6+ Kd7 80. Qb7+ Ke6 81. Qc8+ Kd5 82. Qb7+ Kc4 83. Qc6+ Kb3 84. Qb5+ Kc2 85. Qe2+ Kc3 86. Kf1 Qd3 87. Kf2 e4 88. Qe3 Kc2 89. Qe2+ Kb3 90. Qe3 Kc3 91. Qc1+ Kd4 92. Qb2+ Kc4 93. Qa2+ Kc3 94. Qa1+ Kb3 95. Qe1 Qf3+ 96. Kg1 e3 97. Qb1+ Kc3 98. Qc1+ Kd4 99. Qb2+ Ke4 100. Qb7+ Kf4 101. Qxf3+ Kxf3 102. Kf1 Kg3 103. Ke2 Kf4 104. Ke1 Ke4 105. Ke2 Kd4 106. Ke1 Kd3 107. Kd1 Kc3 108. Ke2 1/2-1/2

[Event "POL-ch U20 Girls"]
[Site "Karpacz"]
[Date "2022.11.25"]
[Round "8"]
[White "Smietanska, Wiktoria"]
[Black "Zabrzanska, Weronika"]
[Result "0-1"]
[WhiteElo "1954"]
[BlackElo "1992"]
[PlyCount "60"]
[EventDate "2022.11.19"]
[EventType "swiss"]
[EventRounds "9"]
[EventCountry "POL"]
[SourceTitle "EXT 2024"]
[Source "ChessBase"]
[SourceDate "2023.10.10"]
[SourceVersion "1"]
[SourceVersionDate "2023.10.10"]
[SourceQuality "1"]

1. Nf3 d5 2. c4 e6 3. g3 dxc4 4. Qa4+ Nd7 5. Bg2 a6 6. Qxc4 b5 7. Qc2 Bb7 8. d4 Ngf6 9. 0-0 Be7 10. Rd1 0-0 11. Nc3 c5 12. b3 Rc8 13. dxc5 Bxc5 14. Qb2 Bxf2+ 15. Kf1 Ba7 16. e3 Ng4 17. Nd4 Nxh2+ 18. Kg1 Bxg2 19. Qxg2 Ng4 20. Nce2 Ndf6 21. Bd2 Nd5 22. Qf3 Ne5 23. Qe4 Qg5 24. Rf1 Ng4 25. Nf4 Ngxe3 26. Bxe3 Qxg3+ 27. Ng2 Nxe3 28. Qxe3 Qxe3+ 29. Nxe3 Bxd4 30. Rae1 Rc3 0-1

[Event "POL-ch U20 Girls"]
[Site "Karpacz"]
[Date "2022.11.21"]
[Round "3"]
[White "Zabrzanska, Weronika"]
[Black "Budkiewicz, Magdalena"]
[Result "1-0"]
[WhiteElo "1992"]
[BlackElo "1814"]
[PlyCount "72"]
[EventDate "2022.11.19"]
[EventType "swiss"]
[EventRounds "9"]
[EventCountry "POL"]
[SourceTitle "EXT 2024"]
[Source "ChessBase"]
[SourceDate "2023.10.10"]
[SourceVersion "1"]
[SourceVersionDate "2023.10.10"]
[SourceQuality "1"]

1. e4 e5 2. Nf3 Nc6 3. Bc4 Bc5 4. c3 Nf6 5. d3 d6 6. 0-0 0-0 7. Re1 a5 8. a4 Be6 9. Nbd2 Ng4 10. Re2 Qd7 11. Bb3 Rae8 12. Nf1 d5 13. Ng3 Bb6 14. h3 Nf6 15. Bg5 dxe4 16. Bxe6 Qxe6 17. dxe4 Rd8 18. Rd2 Rxd2 19. Nxd2 h6 20. Bxf6 Qxf6 21. Qe2 Rd8 22. Nc4 Ne7 23. Nf1 Ng6 24. g3 Qe6 25. Kg2 Ne7 26. b3 Nc8 27. Rd1 Rxd1 28. Qxd1 Kh7 29. Nfd2 c6 30. Qh5 Bc7 31. Nf3 f6 32. Nh4 Nd6 33. Qg6+ Kh8 34. Ne3 Qxb3 35. c4 Qd3 36. c5 Qxe4+ 1-0

[Event "EU-ch U16 Girls 30th"]
[Site "Antalya"]
[Date "2022.11.08"]
[Round "3"]
[White "Gasimova, Samra"]
[Black "Zabrzanska, Weronika"]
[Result "1/2-1/2"]
[WhiteElo "1870"]
[BlackElo "1992"]
[PlyCount "61"]
[EventDate "2022.11.06"]
[EventType "swiss"]
[EventRounds "9"]
[EventCountry "TUR"]
[SourceTitle "CBM 211 Extra"]
[Source "ChessBase"]
[SourceDate "2023.01.31"]
[SourceVersion "1"]
[SourceVersionDate "2023.01.31"]
[SourceQuality "1"]

1. d4 Nf6 2. c4 e6 3. Nc3 d5 4. cxd5 exd5 5. Bg5 c6 6. Qc2 Bd6 7. e3 0-0 8. Bd3 h6 9. Bh4 Re8 10. Nge2 a5 11. Bg3 Na6 12. a3 Nc7 13. 0-0 Bxg3 14. Nxg3 Ne6 15. Bf5 Ng5 16. Rad1 Bxf5 17. Qxf5 Qd7 18. Qxd7 Nxd7 19. Nf5 Nb6 20. a4 Rad8 21. b3 Ne4 22. Ne2 Nc8 23. Rc1 Ncd6 24. Nxd6 Rxd6 25. Nf4 Rf6 26. Rc2 Ra8 27. Nd3 Re6 28. Rfc1 Re7 29. h3 Ra6 30. Nc5 Rb6 31. Rb1 1/2-1/2

[Event "Wch U16 Girls"]
[Site "Mamaia"]
[Date "2022.09.15"]
[Round "10"]
[White "Zabrzanska, Weronika"]
[Black "Schippke, Manon"]
[Result "0-1"]
[WhiteElo "1919"]
[BlackElo "2064"]
[PlyCount "62"]
[EventDate "2022.09.06"]
[EventType "swiss"]
[EventRounds "11"]
[EventCountry "ROU"]
[SourceTitle "CBM 210 Extra"]
[Source "ChessBase"]
[SourceDate "2022.11.30"]
[SourceVersion "1"]
[SourceVersionDate "2022.11.30"]
[SourceQuality "1"]

1. e4 c5 2. c3 e6 3. d4 d5 4. exd5 exd5 5. Bb5+ Nc6 6. Nf3 Nf6 7. 0-0 Be7 8. Nbd2 0-0 9. dxc5 Bxc5 10. Nb3 Bb6 11. Bg5 a6 12. Bxc6 bxc6 13. Ne5 Qd6 14. Nc4 Qc7 15. Nxb6 Ng4 16. g3 Qxb6 17. Qd4 Qc7 18. Rfe1 f6 19. Bf4 Qf7 20. f3 Ne5 21. Bxe5 fxe5 22. Qxe5 Bh3 23. Nd4 c5 24. Ne6 Rae8 25. g4 h5 26. Qxd5 hxg4 27. fxg4 Qf2+ 28. Kh1 Rf7 29. g5 Rxe6 30. Qd8+ Rf8 31. Qd5 Bg2+ 0-1

[Event "Wch U16 Girls"]
[Site "Mamaia"]
[Date "2022.09.14"]
[Round "9"]
[White "Zabrzanska, Weronika"]
[Black "Mikheeva, Galina"]
[Result "0-1"]
[WhiteElo "1919"]
[BlackElo "2015"]
[PlyCount "64"]
[EventDate "2022.09.06"]
[EventType "swiss"]
[EventRounds "11"]
[EventCountry "ROU"]
[SourceTitle "CBM 210 Extra"]
[Source "ChessBase"]
[SourceDate "2022.11.30"]
[SourceVersion "1"]
[SourceVersionDate "2022.11.30"]
[SourceQuality "1"]

1. e4 e5 2. Nf3 Nc6 3. Bc4 Bc5 4. c3 Nf6 5. d4 exd4 6. e5 d5 7. Bb5 Ne4 8. cxd4 Bb6 9. Nc3 0-0 10. Be3 Bg4 11. h3 Bh5 12. Qc2 Nxc3 13. bxc3 f6 14. exf6 Qxf6 15. Be2 Rae8 16. Ne5 Bxe2 17. Nd7 Qxf2+ 18. Bxf2 Bd3+ 19. Kd2 Bxc2 20. Nxf8 Rxf8 21. Be3 Be4 22. Rhg1 Na5 23. Rae1 Nc4+ 24. Kc1 Ba5 25. Bd2 Rf2 26. Rd1 Bxg2 27. a4 Be4 28. Rgf1 Rh2 29. Rg1 Rxh3 30. Rdf1 Bxc3 31. Bg5 Rh2 32. Be7 Rc2+ 0-1

[Event "Wch U16 Girls"]
[Site "Mamaia"]
[Date "2022.09.13"]
[Round "8"]
[White "Kairbekova, Amina"]
[Black "Zabrzanska, Weronika"]
[Result "1/2-1/2"]
[WhiteElo "2305"]
[BlackElo "1919"]
[PlyCount "116"]
[EventDate "2022.09.06"]
[EventType "swiss"]
[EventRounds "11"]
[EventCountry "ROU"]
[SourceTitle "CBM 210 Extra"]
[Source "ChessBase"]
[SourceDate "2022.11.30"]
[SourceVersion "1"]
[SourceVersionDate "2022.11.30"]
[SourceQuality "1"]

1. e4 e5 2. Nf3 Nc6 3. Bb5 a6 4. Ba4 Nf6 5. 0-0 b5 6. Bb3 Bc5 7. a4 Bb7 8. axb5 axb5 9. Rxa8 Bxa8 10. Nc3 b4 11. Nd5 Nxe4 12. Qe2 Nf6 13. d4 Nxd4 14. Qxe5+ Ne6 15. Nxf6+ Qxf6 16. Bxe6 Qxe5 17. Bxd7+ Kxd7 18. Nxe5+ Kc8 19. Nd3 Bd6 20. Bd2 Be4 21. Ra1 Rd8 22. Ra4 Be7 23. b3 Rd7 24. Bxb4 Bxd3 25. cxd3 Rxd3 26. g4 Bf6 27. Bc5 Rxb3 28. Be3 h6 29. Kg2 Rc3 30. Kf3 Bg5 31. Ra8+ Kd7 32. Rg8 Ke7 33. h4 Bxh4 34. Ke4 Bf6 35. f4 g6 36. g5 hxg5 37. fxg5 Be5 38. Ba7 Bd6 39. Bd4 Rc1 40. Bf6+ Kd7 41. Rd8+ Kc6 42. Rh8 Re1+ 43. Kd4 Bc5+ 44. Kc4 Rc1+ 45. Kd3 Kd5 46. Rh7 Ke6 47. Rh2 Re1 48. Bc3 Re3+ 49. Kd2 Re4 50. Kd3 Kf5 51. Ra2 Bb6 52. Bf6 Re3+ 53. Kc4 Ke6 54. Ra8 Re4+ 55. Kd3 Rh4 56. Re8+ Kd5 57. Rd8+ Ke6 58. Re8+ Kd5 1/2-1/2